NDU-K Library Catalogue

Girl in a jacket 

Management Dynamics (Record no. 23687)

MARC details
000 -LEADER
fixed length control field 00573nam a22001817a 4500
003 - CONTROL NUMBER IDENTIFIER
control field OSt
005 - DATE AND TIME OF LATEST TRANSACTION
control field 20260410075348.0
008 - FIXED-LENGTH DATA ELEMENTS--GENERAL INFORMATION
fixed length control field 260410b |||||||| |||| 00| 0 eng d
020 ## - INTERNATIONAL STANDARD BOOK NUMBER
International Standard Book Number 9966-46-816-1
040 ## - CATALOGING SOURCE
Transcribing agency ipstc
050 ## - LIBRARY OF CONGRESS CALL NUMBER
Classification number HD69
Item number .S84 2002
100 ## - MAIN ENTRY--PERSONAL NAME
Personal name Sagimo,O. Peter
245 ## - TITLE STATEMENT
Title Management Dynamics
Remainder of title Towards Efficiency, Effectiveness, Competence and Productivity
250 ## - EDITION STATEMENT
Edition statement 1st edition
260 ## - PUBLICATION, DISTRIBUTION, ETC.
Place of publication, distribution, etc. Westlands ,Nairobi
Name of publisher, distributor, etc. East African Educational Publishers Limited
Date of publication, distribution, etc. 2002
504 ## - BIBLIOGRAPHY, ETC. NOTE
Bibliography, etc. note Includes bibliographical references and index
942 ## - ADDED ENTRY ELEMENTS (KOHA)
Source of classification or shelving scheme Library of Congress Classification
Koha item type Normal Collection
Suppress in OPAC No
Holdings
Withdrawn status Lost status Source of classification or shelving scheme Damaged status Not for loan Home library Current library Date acquired Inventory number Total Checkouts Full call number Barcode Date last seen Price effective from Koha item type
    Library of Congress Classification     International Peace Support Training Centre (IPSTC) International Peace Support Training Centre (IPSTC) 10/04/2026 2879/2020   HD69 .S84 2002 200128792020 10/04/2026 10/04/2026 Normal Collection
Copyright © 2026 [National Defence University - Kenya]. All rights reserved.